000 00742nam a22002177a 4500
005 2010080503593.0
010 _aENG-98319
020 _c50.00
035 _aEN-81852
037 _bDBAD/PUB
082 _a005.3
100 _aRamu, Gopu
_96862
245 _aMS office /
_cby Gopu Ramu [and] A. Ravi Kiran
260 _aVijayawada
_bSri Balaji Publications
_cn.d
270 _a33-3-31, Ramanayudu Street Seetaramapuram
_bVijayawada
_e520002
300 _a148p.
_c21cm (pbk)
650 _aMicrosoft Office
_96863
700 _aRavi Kiran, A.
_96864
942 _2ddc
_cEN
_h005.3
_mRAM
999 _c39443
_d39443